000
00182nam a2200085 4500
001
1255666
005
20251211105835.0
245
_a
NOHUT ADAM
_c
ANIL BASILI
260
_b
TİMAŞ YAYINLARI
999
_c
1255666
_d
1255666